000 00516nam a2200193 4500
001 135720
003 ES-MaACL
005 20230906194935.0
007 t|
008 070214s1979 sp r ||||1| spa d
100 1 _aRuiz, René.
_9100628
245 1 0 _aFernando Alegría
_b: vida y obra /
_cRené Ruiz.
260 _aMadrid :
_bPlayor,
_c1979.
300 _a147 p. ;
_c19 cm.
490 1 _aNova scholar
830 0 _aNova scholar
_9181704
852 _aES-MaACL
_jL-11510
_bR.108788
999 _c135720
_d135720